00747nab a2200217 uc450000100070000000500170000700800410002403500110006503500210007604000130009704100080011010000410011824500650015965000600022465000330028465000380031770000440035577301010039994200100050099900190051072811220240201165431.0020321e19980801 spa  a728112 a(OCoLC)819938732 ccomduadb aspa10aBeltran, Francisco4auteaut928558814aLas humanidades en el proceso formativo del contador publico aFormación profesional de contadores públicos971021 aContadores públicos920277 aFormación humanística917539110aCordoba, Miguel Angel4auteaut93521880 tHojas Universitarias (Bogotá)gNúmero 45-46, Agosto 1998, p. 83-86w230359x0120-1301096311 cARIMP c227986d227986